[Event "15th Mukachevo Rating 2012"]
[Site "Mukachevo UKR"]
[Date "2012.11.10"]
[Round "5.5"]
[White "Nesterov,Y"]
[Black "Volovikov,An"]
[Result "1-0"]
[WhiteTitle "GM"]
[BlackTitle "FM"]
[WhiteElo "2448"]
[BlackElo "2365"]
[WhiteFideId "13700030"]
[BlackFideId "14120283"]
[EventDate "2012.11.08"]

1. d4 d5 2. c4 Bf5 3. cxd5 Bxb1 4. Qa4+ c6 5. dxc6 Nxc6 6. Rxb1 e5 7. Bd2 exd4
8. g3 Nf6 9. Bg2 Rc8 10. Nf3 Bc5 11. Rc1 Bb6 12. Bb4 Nd5 13. Ba3 Ba5+ 14. Kf1
Bb4 15. Nxd4 Bxa3 16. Nxc6 O-O 17. Qxa3 Rxc6 18. Rxc6 bxc6 19. Bf3 Qg5 20. h4
Qg6 21. Qxa7 Qb1+ 22. Kg2 Qxb2 23. a4 Nc3 24. a5 Nxe2 25. Bxc6 Nd4 26. Bd5 Nf5
27. Re1 h5 28. a6 Nxg3 29. Re8 Rxe8 30. Qxf7+ Kh7 31. Qxe8 Qc3 32. Bg8+ Kh6 33.
Qe3+ 1-0

[Event "15th Mukachevo Rating 2012"]
[Site "Mukachevo UKR"]
[Date "2012.11.11"]
[Round "5.2"]
[White "Tiba,V"]
[Black "Doluhanova,E"]
[Result "0-1"]
[BlackTitle "WGM"]
[WhiteElo "2199"]
[BlackElo "2289"]
[WhiteFideId "14118823"]
[BlackFideId "14112035"]
[EventDate "2012.11.08"]

1. e4 c5 2. Nf3 d6 3. d4 cxd4 4. Nxd4 Nf6 5. Nc3 a6 6. Bc4 e6 7. Bb3 Nbd7 8. f4
b5 9. Qf3 Nc5 10. f5 Bd7 11. Bg5 Be7 12. e5 dxe5 13. Nc6 e4 14. Nxe4 Qc7 15.
Nxe7 Nfxe4 16. O-O Qa7 17. Be3 Kxe7 18. fxe6 fxe6 19. Qf7+ Kd8 20. Rad1 Kc8 21.
Qxg7 Re8 22. Rf7 Qc7 23. c4 Nd6 24. Re7 Nxb3 25. axb3 Rxe7 26. Qxe7 Nf5 27. Qf8+
Kb7 28. Qf7 Bc6 29. Qxe6 Nxe3 30. Qxe3 Re8 31. Qf2 Qe7 32. cxb5 axb5 0-1

[Event "15th Mukachevo Rating 2012"]
[Site "Mukachevo UKR"]
[Date "2012.11.11"]
[Round "5.3"]
[White "Khazankin,M"]
[Black "Nesterov,Y"]
[Result "0-1"]
[BlackTitle "GM"]
[WhiteElo "2068"]
[BlackElo "2448"]
[WhiteFideId "14115271"]
[BlackFideId "13700030"]
[EventDate "2012.11.08"]

1. e4 c6 2. d4 d5 3. exd5 cxd5 4. Bd3 Nc6 5. c3 Nf6 6. Bf4 Bg4 7. Qb3 Qc8 8. Nd2
Bh5 9. Ngf3 Bg6 10. Bxg6 hxg6 11. O-O e6 12. Rae1 Be7 13. h3 Nd7 14. Re2 O-O 15.
Rfe1 Na5 16. Qc2 b5 17. Nb3 Nc4 18. Nc1 b4 19. Nd3 a5 20. Rc1 Qa6 21. Qd1 Rfc8
22. b3 Na3 23. cxb4 axb4 24. Nde5 Rxc1 25. Bxc1 Nxe5 26. Nxe5 Nb5 27. Rc2 Bf6
28. Qd3 Qb6 29. Be3 Bxe5 30. dxe5 d4 31. Qe4 Rd8 32. Bg5 Rb8 33. Rc4 Qa5 34. Qc2
Nc3 35. Rxd4 Qxe5 36. Be3 Nd5 37. Qd2 Ra8 38. g4 Kh7 39. Bf4 Qf6 40. Bg3 Rxa2
41. Qd3 Qg5 42. Qd1 Nc3 43. h4 Qf6 44. Qd3 Qxd4 45. Qd2 Qf6 46. Qd4 Nd5 0-1

[Event "15th Mukachevo Rating 2012"]
[Site "Mukachevo UKR"]
[Date "2012.11.11"]
[Round "5.4"]
[White "Yushko,O"]
[Black "Bakunc,R"]
[Result "1/2-1/2"]
[WhiteTitle "WF"]
[WhiteElo "2131"]
[BlackElo "2276"]
[WhiteFideId "14114500"]
[BlackFideId "13304097"]
[EventDate "2012.11.08"]

1. d4 Nf6 2. c4 g6 3. Nc3 Bg7 4. Nf3 O-O 5. Bg5 c5 6. e3 cxd4 7. exd4 d5 8. Bd3
Nc6 9. O-O Bg4 10. Be3 e6 11. Rc1 Rc8 12. b3 Nb4 13. Be2 Bxf3 14. Bxf3 Qa5 15.
Qe2 Rfd8 16. Rfd1 Nc6 17. Qd2 Rd7 18. cxd5 Nxd5 19. Nxd5 Qxd2 20. Ne7+ Nxe7 21.
Rxc8+ Nxc8 22. Rxd2 a6 23. Kf1 Ne7 24. g4 h6 25. Ke2 Kf8 26. Rc2 Ke8 27. Rc4 Kd8
28. Bd2 Nd5 29. Ba5+ Ke7 30. Bd2 g5 31. Be3 f5 32. gxf5 exf5 33. Bxd5 Rxd5 34.
f3 Kd7 35. Kd3 g4 36. fxg4 fxg4 37. Rc2 Rf5 38. Ke4 Rf8 39. Bf4 Re8+ 40. Kf5
Rf8+ 41. Kxg4 h5+ 42. Kg3 Ke6 43. Re2+ Kd5 44. Re7 Bf6 45. Rxb7 Ke4 46. Be5 Bg5
47. h4 Rf3+ 48. Kg2 Be3 49. Re7 Rf2+ 50. Kg3 Rf3+ 51. Kg2 Rf2+ 52. Kg3 Rf3+ 53.
Kg2 Rf8 1/2-1/2

[Event "15th Mukachevo Rating 2012"]
[Site "Mukachevo UKR"]
[Date "2012.11.11"]
[Round "5.5"]
[White "Oros,R"]
[Black "Zajarnyi,A"]
[Result "0-1"]
[WhiteTitle "FM"]
[BlackTitle "IM"]
[WhiteElo "2236"]
[BlackElo "2304"]
[WhiteFideId "14120666"]
[BlackFideId "13900315"]
[EventDate "2012.11.08"]

1. b3 c5 2. Bb2 Nc6 3. f4 d6 4. Nf3 Nf6 5. e3 e6 6. Bb5 Bd7 7. O-O a6 8. Bxc6
Bxc6 9. d3 Be7 10. Qe2 O-O 11. e4 b5 12. Nbd2 a5 13. Ng5 h6 14. Nh3 a4 15. Rab1
axb3 16. axb3 Ra2 17. f5 e5 18. Kh1 d5 19. Nf2 c4 20. dxc4 bxc4 21. bxc4 dxe4
22. Ndxe4 Qa8 23. Nxf6+ Bxf6 24. Ng4 Kh7 25. Rfe1 Bh4 26. Red1 f6 27. Ne3 Be4
28. Nd5 Bxf5 29. c5 Rd8 30. Qc4 Ra4 31. Nb4 Rb8 32. Bc3 Bg5 33. c6 Bxc2 34. h4
Bf4 35. Bxe5 Bxb1 36. Bxb8 Qxb8 37. Rxb1 f5 38. Qc5 Bd6 0-1

[Event "15th Mukachevo Rating 2012"]
[Site "Mukachevo UKR"]
[Date "2012.11.11"]
[Round "6.3"]
[White "Doluhanova,E"]
[Black "Sevostianov,P"]
[Result "1-0"]
[WhiteTitle "WGM"]
[BlackTitle "IM"]
[WhiteElo "2289"]
[BlackElo "2298"]
[WhiteFideId "14112035"]
[BlackFideId "4156781"]
[EventDate "2012.11.08"]

1. e4 Nc6 2. Nc3 e6 3. d4 Bb4 4. Nf3 d6 5. Bd3 e5 6. dxe5 dxe5 7. O-O Nge7 8. h3
Bxc3 9. bxc3 Qd6 10. a4 h6 11. Ba3 Qf6 12. Bb5 Bd7 13. Rb1 Ng6 14. Qd3 Nf4 15.
Qe3 1-0

[Event "15th Mukachevo Rating 2012"]
[Site "Mukachevo UKR"]
[Date "2012.11.11"]
[Round "6.4"]
[White "Bakunc,R"]
[Black "Tiba,V"]
[Result "1-0"]
[WhiteElo "2276"]
[BlackElo "2199"]
[WhiteFideId "13304097"]
[BlackFideId "14118823"]
[EventDate "2012.11.08"]

1. c4 c5 2. Nf3 Nc6 3. Nc3 g6 4. g3 Bg7 5. Bg2 d6 6. O-O e5 7. a3 Nge7 8. Rb1 a5
9. d3 O-O 10. Bd2 h6 11. Ne1 Be6 12. Nc2 d5 13. cxd5 Nxd5 14. Ne3 Nde7 15. Nc4
Rb8 16. Nb5 b6 17. f4 Nd4 18. Nc3 Ndc6 19. Nxe5 Nxe5 20. fxe5 Nf5 21. Qc1 Kh7
22. Ne4 Bxe5 23. Kh1 Bd5 24. Bf4 Bxf4 25. Qxf4 Bxe4 26. Bxe4 Nd6 27. Bf3 b5 28.
Rbc1 c4 29. Rfd1 Qe7 30. a4 Nf5 31. axb5 Rxb5 32. Rxc4 Rxb2 33. Rc7 Qe6 34. Qc4
Nxg3+ 35. hxg3 Qh3+ 36. Kg1 Qxg3+ 37. Kf1 Qh3+ 38. Bg2 Qf5+ 39. Kg1 Rxe2 40. Rf1
Rxg2+ 41. Kxg2 Qg5+ 42. Kf2 Qf6+ 43. Ke2 1-0

[Event "15th Mukachevo Rating 2012"]
[Site "Mukachevo UKR"]
[Date "2012.11.11"]
[Round "6.5"]
[White "Shkuran,D"]
[Black "Oros,R"]
[Result "1-0"]
[WhiteTitle "IM"]
[BlackTitle "FM"]
[WhiteElo "2381"]
[BlackElo "2236"]
[WhiteFideId "14106248"]
[BlackFideId "14120666"]
[EventDate "2012.11.08"]

1. Nf3 Nf6 2. g3 b6 3. Bg2 Bb7 4. d4 e6 5. O-O Be7 6. c4 O-O 7. Nbd2 c5 8. dxc5
bxc5 9. Qc2 Nc6 10. e4 e5 11. Nh4 Nd4 12. Qd3 Rb8 13. Nf5 Bc6 1-0

[Event "15th Mukachevo Rating 2012"]
[Site "Mukachevo UKR"]
[Date "2012.11.11"]
[Round "6.6"]
[White "Volovikov,An"]
[Black "Khazankin,M"]
[Result "1-0"]
[WhiteTitle "FM"]
[WhiteElo "2365"]
[BlackElo "2068"]
[WhiteFideId "14120283"]
[BlackFideId "14115271"]
[EventDate "2012.11.08"]

1. e4 c5 2. Nc3 Nc6 3. f4 g6 4. Nf3 Bg7 5. Bb5 Nd4 6. a4 a6 7. Bc4 e6 8. O-O Ne7
9. d3 O-O 10. f5 gxf5 11. Bg5 f6 12. Be3 fxe4 13. dxe4 Nxf3+ 14. Qxf3 Ng6 15.
Bxc5 Ne5 16. Qe2 Nxc4 17. Bxf8 Bxf8 18. Qxc4 b6 19. Rad1 Bb7 1-0

[Event "15th Mukachevo Rating 2012"]
[Site "Mukachevo UKR"]
[Date "2012.11.12"]
[Round "8.2"]
[White "Tiba,V"]
[Black "Nesterov,Y"]
[Result "1/2-1/2"]
[BlackTitle "GM"]
[WhiteElo "2199"]
[BlackElo "2448"]
[WhiteFideId "14118823"]
[BlackFideId "13700030"]
[EventDate "2012.11.08"]

1. e4 Nf6 2. e5 Nd5 3. d4 d6 4. Nf3 Bg4 5. Be2 e6 6. c4 Nb6 7. Be3 dxe5 8. Nxe5
Bxe2 9. Qxe2 Bb4+ 10. Nc3 N8d7 11. Rc1 Nxe5 12. dxe5 Qh4 13. Bxb6 axb6 14. a3
Bxc3+ 15. Rxc3 O-O-O 16. O-O Qd4 1/2-1/2

[Event "15th Mukachevo Rating 2012"]
[Site "Mukachevo UKR"]
[Date "2012.11.12"]
[Round "8.3"]
[White "Sevostianov,P"]
[Black "Bakunc,R"]
[Result "1/2-1/2"]
[WhiteTitle "IM"]
[WhiteElo "2298"]
[BlackElo "2276"]
[WhiteFideId "4156781"]
[BlackFideId "13304097"]
[EventDate "2012.11.08"]

1. d4 Nf6 2. c4 g6 3. Nc3 Bg7 4. e4 d6 5. f3 O-O 6. Bg5 Nc6 7. Nge2 a6 8. Qd2
Rb8 9. Rc1 Bd7 10. d5 Na5 11. Nd4 c5 12. dxc6 Nxc6 13. Nb3 Na5 14. Nxa5 Qxa5 15.
c5 Rfd8 16. cxd6 Bc6 17. Nb1 Qxd2+ 18. Nxd2 exd6 19. Bc4 d5 20. Bb3 h6 21. Bh4
g5 22. Bg3 Rbc8 23. O-O dxe4 24. Nxe4 Bxe4 25. Rxc8 Rxc8 26. fxe4 Nxe4 27. Bxf7+
Kh8 28. Bd5 Nxg3 29. hxg3 b6 30. Bb7 Rb8 31. Rf7 Bxb2 32. Bxa6 Be5 33. Kh2 Ra8
34. Bc4 Ra4 35. Rf8+ Kg7 36. Rc8 1/2-1/2

[Event "15th Mukachevo Rating 2012"]
[Site "Mukachevo UKR"]
[Date "2012.11.12"]
[Round "8.6"]
[White "Yushko,O"]
[Black "Volovikov,An"]
[Result "0-1"]
[WhiteTitle "WF"]
[BlackTitle "FM"]
[WhiteElo "2131"]
[BlackElo "2365"]
[WhiteFideId "14114500"]
[BlackFideId "14120283"]
[EventDate "2012.11.08"]

1. d4 d5 2. c4 Bf5 3. Nc3 e6 4. cxd5 exd5 5. Qb3 Nc6 6. Nf3 Nf6 7. Bg5 Na5 8.
Qa4+ c6 9. Bxf6 gxf6 10. b4 Nc4 11. e3 b5 12. Qb3 a5 13. bxa5 Qxa5 14. Nd2 Bb4
15. Rc1 Nxd2 16. Kxd2 Qxa2+ 17. Qxa2 Rxa2+ 18. Kd1 Bxc3 19. Rxc3 Kd7 20. Be2 b4
21. Rc5 b3 22. e4 Bxe4 0-1

[Event "15th Mukachevo Rating 2012"]
[Site "Mukachevo UKR"]
[Date "2012.11.12"]
[Round "9.3"]
[White "Nesterov,Y"]
[Black "Sevostianov,P"]
[Result "0-1"]
[WhiteTitle "GM"]
[BlackTitle "IM"]
[WhiteElo "2448"]
[BlackElo "2298"]
[WhiteFideId "13700030"]
[BlackFideId "4156781"]
[EventDate "2012.11.08"]

1. Nf3 d6 2. c4 Bg4 3. Qb3 Qc8 4. h3 Bxf3 5. Qxf3 g6 6. d4 Bg7 7. e3 Nc6 8. Nc3
f5 9. g4 Nh6 10. gxf5 Qxf5 11. Bg2 Qxf3 12. Bxf3 Nf5 13. Bd2 e6 14. Be4 Nh4 15.
Ke2 O-O-O 16. d5 Ne5 17. Rac1 Nd7 18. b4 Rhe8 19. Rhd1 exd5 20. Bxd5 Nb6 21. Bh1
Nf5 22. Ne4 Nxc4 23. Bc3 Bxc3 24. Nxc3 c6 25. b5 c5 26. a4 Re5 27. Ne4 Nb2 28.
Rd2 Nxa4 29. Ra2 Nb6 30. Rxa7 c4 31. Rca1 Rxb5 32. Nc3 0-1

[Event "15th Mukachevo Rating 2012"]
[Site "Mukachevo UKR"]
[Date "2012.11.12"]
[Round "9.4"]
[White "Bakunc,R"]
[Black "Oros,R"]
[Result "1-0"]
[BlackTitle "FM"]
[WhiteElo "2276"]
[BlackElo "2236"]
[WhiteFideId "13304097"]
[BlackFideId "14120666"]
[EventDate "2012.11.08"]

1. c4 Nf6 2. Nf3 e6 3. g3 b6 4. Bg2 Bb7 5. O-O Be7 6. Nc3 O-O 7. Re1 d5 8. cxd5
exd5 9. d4 Nbd7 10. Bf4 c6 11. Rc1 Re8 12. Qa4 a5 13. Qb3 Nf8 14. Na4 Bb4 15.
Bd2 b5 16. Nc5 Bxc5 17. Rxc5 Ne4 18. Rcc1 Nxd2 19. Nxd2 Ne6 20. e3 Qd6 21. Qc2
a4 22. Nf3 Rac8 23. Bh3 Rc7 24. Qd2 Bc8 25. Bg2 Ra7 26. a3 Ra6 27. Qb4 Qxb4 28.
axb4 Nd8 29. Rc3 f6 30. Rec1 Kf8 31. Ne1 Bf5 32. h4 Re7 33. f3 Rb6 34. Kf2 Bd7
35. e4 Be6 36. Nd3 dxe4 37. fxe4 Bc4 38. Nc5 Ne6 39. Nxe6+ Rxe6 40. Kf3 Rb8 41.
Bf1 Bxf1 42. Rxf1 Rd8 43. Rd1 f5 44. exf5 Rf6 45. Rc5 h5 46. Kf4 g6 47. Re5
Rxf5+ 48. Rxf5+ gxf5 49. Kxf5 Kf7 50. Ke5 Rd5+ 51. Ke4 Ke6 52. Rc1 Kd7 53. Rc5
Rd6 54. Rxh5 Rg6 55. Rg5 Rf6 56. Rf5 Rg6 57. Kf3 Re6 58. d5 Re1 59. dxc6+ Kxc6
60. Rc5+ Kb6 61. h5 1-0

[Event "15th Mukachevo Rating 2012"]
[Site "Mukachevo UKR"]
[Date "2012.11.12"]
[Round "9.6"]
[White "Doluhanova,E"]
[Black "Zajarnyi,A"]
[Result "1-0"]
[WhiteTitle "WGM"]
[BlackTitle "IM"]
[WhiteElo "2289"]
[BlackElo "2304"]
[WhiteFideId "14112035"]
[BlackFideId "13900315"]
[EventDate "2012.11.08"]

1. e4 Nc6 2. Nc3 Nf6 3. d4 d5 4. e5 Nd7 5. e6 fxe6 6. f4 e5 7. fxe5 Nb6 8. Bd3
Be6 9. Nf3 Nb4 10. a4 Nxd3+ 11. cxd3 a5 12. O-O Qd7 13. Bd2 h6 14. Nh4 Bf7 15.
Nb5 e6 16. Qg4 g5 17. Rxf7 Kxf7 18. Rf1+ Kg8 19. Nxc7 Rc8 20. Ng6 Rh7 21. Nxe6
Bg7 22. Qf5 Qe8 23. Bxa5 Rc6 24. Ngf8 Rh8 25. Bb4 Nc8 26. Nxg7 Kxg7 27. e6 Kg8
28. Ng6 Rh7 29. e7 Nxe7 30. Nxe7+ Rxe7 31. Bxe7 Qxe7 32. Qxd5+ Kg7 33. Qe5+ Qxe5
34. dxe5 Rc2 35. b4 Rb2 36. b5 Rb4 37. e6 Rxa4 38. Rf7+ Kg6 39. Rxb7 1-0

[Event "15th Mukachevo Rating 2012"]
[Site "Mukachevo UKR"]
[Date "2012.11.13"]
[Round "11.4"]
[White "Tiba,V"]
[Black "Khazankin,M"]
[Result "1-0"]
[WhiteElo "2199"]
[BlackElo "2068"]
[WhiteFideId "14118823"]
[BlackFideId "14115271"]
[EventDate "2012.11.08"]

1. e4 c5 2. Nf3 d6 3. d4 Nf6 4. Nc3 cxd4 5. Nxd4 g6 6. Be3 Bg7 7. f3 O-O 8. Qd2
Nc6 9. Bc4 Bd7 10. Bb3 Na5 11. h4 Rc8 12. h5 Nxb3 13. axb3 a6 14. g4 e5 15. Nde2
Rc6 16. Bh6 Bxh6 17. Qxh6 Qe7 18. g5 Nxe4 19. Nxe4 d5 20. Nf6+ Rxf6 21. gxf6
Qxf6 22. hxg6 1-0

[Event "15th Mukachevo Rating 2012"]
[Site "Mukachevo UKR"]
[Date "2012.11.13"]
[Round "11.6"]
[White "Zajarnyi,A"]
[Black "Bakunc,R"]
[Result "1/2-1/2"]
[WhiteTitle "IM"]
[WhiteElo "2304"]
[BlackElo "2276"]
[WhiteFideId "13900315"]
[BlackFideId "13304097"]
[EventDate "2012.11.08"]

1. e4 e5 2. Nf3 Nc6 3. Nc3 Nf6 4. g3 Nxe4 5. Nxe4 d5 6. Nc3 d4 7. Bg2 dxc3 8.
bxc3 Bd6 9. O-O O-O 10. Rb1 Rb8 11. d3 Bd7 12. Re1 Re8 13. Ng5 h6 14. Ne4 Bf8
15. c4 b6 16. Nc3 Bd6 17. Be3 Nd4 18. Bxd4 exd4 19. Rxe8+ Qxe8 20. Nb5 Bxb5 21.
cxb5 Qe6 22. Bc6 Qxa2 23. Ra1 Qe6 24. Rxa7 g6 25. Qd2 Kg7 26. Ra1 Qf6 27. Re1 h5
28. h4 Rd8 29. Re4 Bc5 30. Rf4 Qe5 31. Re4 Qf6 1/2-1/2

[Event "15th Mukachevo Rating 2012"]
[Site "Mukachevo UKR"]
[Date "2012.11.13"]
[Round "11.2"]
[White "Nesterov,Y"]
[Black "Zajarnyi,A"]
[Result "0-1"]
[WhiteTitle "GM"]
[BlackTitle "IM"]
[WhiteElo "2448"]
[BlackElo "2304"]
[WhiteFideId "13700030"]
[BlackFideId "13900315"]
[EventDate "2012.11.08"]

1. Nf3 Nc6 2. g3 e5 3. d3 d5 4. Bg2 g6 5. c4 dxc4 6. Qa4 Bg7 7. Qxc4 Nge7 8. a3
Be6 9. Qc2 Qd7 10. Nbd2 Bh3 11. Bxh3 Qxh3 12. Qb3 Qc8 13. e4 O-O 14. O-O b6 15.
Kg2 Qd7 16. Rd1 h6 17. Nc4 Kh7 18. Qc3 Qe6 19. b4 Rad8 20. Bb2 Nd4 21. Nxd4 Rxd4
22. Qc2 Rd7 23. b5 c6 24. a4 Rc8 25. Ba3 Ng8 26. Qb3 cxb5 27. Qxb5 Rcd8 28. Qb3
f5 29. Rd2 Nf6 30. exf5 gxf5 31. Re1 e4 32. dxe4 Rxd2 33. Nxd2 Qxb3 34. Nxb3
Nxe4 35. Re3 Rc8 36. a5 Rc2 37. axb6 axb6 38. Rf3 Kg6 39. h3 h5 40. h4 Be5 41.
Nc1 Bxg3 42. Nd3 Bxh4 43. Nf4+ Kf6 44. Nd5+ Ke6 45. Nf4+ Kf7 46. Nh3 Kf6 47. Rb3
Bxf2 48. Nxf2 Rxf2+ 49. Kg1 Kg5 50. Rxb6 Rc2 51. Bd6 Kg4 52. Be5 h4 53. Rb4 Kh3 0-1

[Event "15th Mukachevo Rating 2012"]
[Site "Mukachevo UKR"]
[Date "2012.11.13"]
[Round "11.3"]
[White "Khazankin,M"]
[Black "Sevostianov,P"]
[Result "0-1"]
[BlackTitle "IM"]
[WhiteElo "2068"]
[BlackElo "2298"]
[WhiteFideId "14115271"]
[BlackFideId "4156781"]
[EventDate "2012.11.08"]

1. e4 e5 2. Nf3 Nc6 3. Bb5 Nge7 4. O-O g6 5. d4 exd4 6. Nxd4 Bg7 7. c3 Nxd4 8.
cxd4 c6 9. Ba4 d5 10. e5 Qb6 11. Nc3 Be6 12. Bc2 Bf5 13. Bb3 Qa6 14. Bg5 Qd3 15.
Bxe7 Qxd1 16. Raxd1 Kxe7 17. Rfe1 Be6 18. a4 a5 19. Bc2 Ra6 20. h3 h5 21. Kh2 h4
22. Ne2 Bh6 23. f4 Rb6 24. b3 f5 25. Rf1 Rb4 26. Rf3 b6 27. g3 hxg3+ 28. Rxg3
Kf7 29. Rc3 Rc8 30. Kg3 c5 31. Nc1 g5 32. fxg5 Bxg5 33. Na2 Rxd4 34. Rxd4 cxd4
35. Rxc8 Bxc8 36. b4 Ke6 37. h4 Bh6 38. Bd3 Kxe5 39. bxa5 bxa5 40. Kf3 Be6 41.
Ke2 Be3 42. Kd1 f4 43. Nc1 Bg4+ 44. Kc2 Bxc1 45. Kxc1 f3 46. Kd2 Kf4 47. Bb5 Bf5
48. h5 Kg5 49. Bc6 Be4 50. Be8 d3 51. Ke1 Kf4 52. Bd7 Ke3 53. Bh3 d2+ 54. Kd1
Bd3 0-1

[Event "15th Mukachevo Rating 2012"]
[Site "Mukachevo UKR"]
[Date "2012.11.13"]
[Round "11.4"]
[White "Volovikov,An"]
[Black "Oros,R"]
[Result "1-0"]
[WhiteTitle "FM"]
[BlackTitle "FM"]
[WhiteElo "2365"]
[BlackElo "2236"]
[WhiteFideId "14120283"]
[BlackFideId "14120666"]
[EventDate "2012.11.08"]

1. e4 e5 2. Bc4 Nf6 3. d4 exd4 4. Nf3 Nc6 5. e5 d5 6. Bb5 Ne4 7. Nxd4 Bc5 8. O-O
Bd7 9. Bxc6 bxc6 10. Be3 Qe7 11. f3 Ng5 12. f4 Ne4 13. Nd2 Nxd2 14. Qxd2 O-O 15.
c3 f6 16. b4 Bb6 17. Nf3 Bg4 18. Bxb6 cxb6 19. exf6 Rxf6 20. Ne5 Bf5 21. Rae1
Be4 22. c4 Qd6 23. cxd5 Bxd5 24. f5 Raf8 25. g4 g6 26. Qc3 gxf5 27. gxf5 h6 28.
Ng6 R8f7 29. Re8+ Kh7 30. Rh8+ Kg7 31. Rxh6 Rd7 32. Rh4 1-0

[Event "4th OCF Thanksgiving"]
[Site "Stillwater USA"]
[Date "2012.11.23"]
[Round "1.2"]
[White "Chikkala,Srikar"]
[Black "Li,Ruifeng"]
[Result "0-1"]
[BlackTitle "CM"]
[WhiteElo "1783"]
[BlackElo "2070"]
[WhiteFideId "2022249"]
[BlackFideId "2061074"]
[EventDate "2012.11.23"]
[EventType "swiss"]

1. e4 d6 2. d4 Nf6 3. Nc3 g6 4. f4 Bg7 5. Nf3 O-O 6. Be3 Ng4 7. Bg1 b6 8. h3 Nf6
9. Bf2 Bb7 10. Bd3 c5 11. O-O cxd4 12. Nxd4 Nc6 13. Nxc6 Bxc6 14. Qe2 Nd7 15.
Qd2 Nc5 16. Rae1 Rc8 17. Bxc5 dxc5 18. Qe3 Bd4 19. Qxd4 Qxd4+ 20. Kh1 Rfd8 21.
Rd1 Qb4 22. Rb1 c4 23. a3 Qc5 24. Be2 Rd2 25. Rbc1 Rcd8 26. Bf3 Rf2 27. Be2
Rxf1+ 28. Rxf1 Rd2 29. Rc1 Qf2 30. b4 Rxe2 31. Nxe2 Qxe2 32. Rg1 Bxe4 33. Kh2
Qxc2 34. Kh1 Qd3 35. a4 Qxh3# 0-1

[Event "4th OCF Thanksgiving"]
[Site "Stillwater USA"]
[Date "2012.11.23"]
[Round "1.5"]
[White "Johnson,C"]
[Black "Jiang,Bryan Liu"]
[Result "1-0"]
[WhiteElo "1929"]
[BlackElo "1688"]
[WhiteFideId "2021919"]
[BlackFideId "2060965"]
[EventDate "2012.11.23"]
[EventType "swiss"]

1. d4 Nf6 2. c4 g6 3. Nc3 Bg7 4. e4 d6 5. Be2 O-O 6. Bg5 Nc6 7. d5 Ne5 8. h3 Ne8
9. Nf3 f5 10. exf5 Rxf5 11. Qd2 Rf8 12. O-O Bf5 13. Nd4 Qd7 14. Rae1 h5 15. f4
Nf7 16. Nxf5 gxf5 17. Bxh5 Nxg5 18. fxg5 Be5 19. Bd1 Ng7 20. h4 Kh7 21. h5 Qe8
22. g6+ Kg8 23. Rxe5 dxe5 24. Qh6 1-0

[Event "4th OCF Thanksgiving"]
[Site "Stillwater USA"]
[Date "2012.11.23"]
[Round "1.7"]
[White "Berry,Ja"]
[Black "Horton Jr,Stanley M"]
[Result "1-0"]
[WhiteElo "1980"]
[BlackElo "1702"]
[WhiteFideId "2025990"]
[BlackFideId "2022192"]
[EventDate "2012.11.23"]
[EventType "swiss"]

1. e4 d6 2. Bc4 e5 3. f4 g6 4. Nf3 exf4 5. d4 g5 6. O-O Nc6 7. Qd3 Bg4 8. Qb3
Nh6 9. Qxb7 Bd7 10. Bb3 Rb8 11. Qa6 Rb6 12. Qd3 Be7 13. Nc3 Nb4 14. Qe2 g4 15.
Ne1 f3 16. Qe3 d5 17. a3 Nxc2 18. Bxc2 dxe4 19. Bxe4 f5 20. Bd5 Rf8 21. Nd3 Rbf6
22. Nf4 c6 23. Bc4 g3 24. Qxf3 gxh2+ 25. Kh1 Ng4 26. Bd2 Bc8 27. Nfe2 f4 28.
Rae1 Ne3 29. Qh5+ Kd7 30. Bxe3 fxe3 31. Rxf6 Rxf6 32. Ne4 Rf8 33. Qh3+ Kc7 34.
Qxe3 Bh4 35. Rc1 Bf5 36. Qf4+ Kb6 37. Qe3 Bxe4 38. d5+ c5 39. Qxe4 Re8 40. Qxh7
Bg5 41. Qg6+ 1-0

[Event "4th OCF Thanksgiving"]
[Site "Stillwater USA"]
[Date "2012.11.23"]
[Round "2.2"]
[White "Li,Ruifeng"]
[Black "Berry,Ja"]
[Result "1-0"]
[WhiteTitle "CM"]
[WhiteElo "2070"]
[BlackElo "1980"]
[WhiteFideId "2061074"]
[BlackFideId "2025990"]
[EventDate "2012.11.23"]
[EventType "swiss"]

1. d4 e6 2. Nf3 b6 3. e4 Bb7 4. Bd3 d5 5. e5 c5 6. c3 Nc6 7. O-O Be7 8. Be3 h5
9. Nbd2 g5 10. Ne1 Nh6 11. Qxh5 Kd7 12. Qe2 Qc7 13. g3 Rag8 14. Ng2 f5 15. exf6
Bxf6 16. dxc5 Ne5 17. Bb5+ Kc8 18. cxb6 axb6 19. Bd4 Nhg4 20. Bxe5 Nxe5 21. Bd3
Qg7 22. Rfe1 Qh6 23. Nf1 g4 24. Kh1 Kb8 25. Qe3 Nf3 26. Qxh6 Rxh6 27. Rxe6 Rgh8
28. Nh4 Ng5 29. Rxb6 d4+ 30. Rxb7+ Kxb7 31. cxd4 Nh3 32. Be4+ Kb6 33. Kg2 Re8
34. Nf5 Rhh8 35. Bd3 Bxd4 36. Nxd4 Rd8 37. Be2 Rxd4 38. Ne3 Rf8 39. Nxg4 Ng5 40.
h4 Ne6 41. Rd1 Rc8 42. Rxd4 Nxd4 43. Bd3 Kc5 44. h5 Rh8 45. h6 Ne6 46. Bf5 Nd4
47. Bg6 Nc6 48. h7 Kd6 49. Nh6 Nd8 50. f4 1-0

[Event "4th OCF Thanksgiving"]
[Site "Stillwater USA"]
[Date "2012.11.23"]
[Round "2.3"]
[White "Wolf,Alexander P"]
[Black "Wall,B"]
[Result "0-1"]
[WhiteElo "1847"]
[BlackElo "2202"]
[WhiteFideId "2052865"]
[BlackFideId "2020360"]
[EventDate "2012.11.23"]
[EventType "swiss"]

1. e4 a6 2. d4 b5 3. Bd3 Bb7 4. f4 Nf6 5. Qe2 e6 6. Nf3 c5 7. c3 cxd4 8. Nxd4 d6
9. g4 d5 10. e5 Ne4 11. Bxe4 dxe4 12. O-O Nd7 13. Nd2 h5 14. g5 Nxe5 15. fxe5
Qxg5+ 16. Qg2 Qxe5 17. Qf2 f5 18. Qg3 Qxg3+ 19. hxg3 Kd7 20. N2b3 Bd5 21. Bf4
Bd6 22. Rfd1 g5 23. Bxg5 Rag8 24. Bh4 Bxg3 25. Bxg3 Rxg3+ 26. Kh2 Rhg8 27. Rg1
h4 28. Ne2 Rxg1 29. Rxg1 Rxg1 30. Kxg1 Bxb3 31. axb3 e5 32. Kf2 f4 33. Ng1 a5
34. Nh3 Kd6 35. Ng5 Kd5 36. Ke2 e3 37. Kd3 e4+ 38. Nxe4 e2 39. c4+ Ke5 40. Ng5
e1=N+ 41. Ke2 Nc2 42. cxb5 Nd4+ 43. Kd3 f3 44. Ke3 Kd5 45. b6 Kc6 46. Nh3 Nxb3
47. Kxf3 Kxb6 48. Nf2 Kc5 49. Ne4+ Kb4 50. Ke2 h3 51. Kf2 Nc5 52. Nd2 Nd3+ 53.
Kg3 Nxb2 54. Kxh3 a4 55. Nb1 Nd1 56. Kg2 Nc3 57. Nd2 a3 58. Nf3 Nb5 59. Ne1 Kc3 0-1